=LDR 00000nam 2200000 4500 =001 INLIS000000000036752 =005 20200225070029 =035 ##$$a 0010-061300000036752 =008 200225################g##########0#ind## =041 ##$$a Ind =082 ##$$a 174.4 =090 ##$$a 174.4, Agu k =100 ##$$a Agung, A.M Lilik =245 1#$$a Ketika nurani ikut berbisnis, : $b 26 praktik etika bisnis kontemporer /$c A.M Lilik Agung =260 ##$$a Jakarta :$b PT. Elex Media Komputindo,$c 2010 =300 ##$$a 150 hlm. : $b ilus. ; $c 14 x 21 cm =650 #4$$a Etika-Bisnis =850 ##$$a NBPNMAT =020 ##$$a 978-979-27-7429 =084 ##$$a 174.4 AGU k =520 ##$$a Bibliografi : hlm. 149-150 =990 ##$$a 21103617/Pb/2010 =990 ##$$a 21103616/Pb/2010 =990 ##$$a 21103618/Pb/2010